| 000 | 00638nam a2200229 a 4500 | ||
|---|---|---|---|
| 001 | 18243 | ||
| 003 | BD-RJUL | ||
| 005 | 20211209000245.0 | ||
| 008 | 140220s1964 enk 001 0 eng d | ||
| 035 | _a(BD-RJUL)18301 | ||
| 040 |
_aEQO _cEQO _beng |
||
| 041 | _aeng | ||
| 082 |
_a342 _bFIT 1965 |
||
| 100 | 1 |
_aFiner, Herman, _d1898-1969. _917944 |
|
| 245 | 1 | 4 |
_aThe theory and practice of modern government / _cHerman Finer |
| 250 | _a4th ed | ||
| 260 |
_aLondon : _bMethuen & Co. ltd, _c1961[reprinting 1965] |
||
| 300 |
_axiv, 982 p. ; _c24 cm |
||
| 504 | _aincludes index | ||
| 650 | 0 |
_aPolitical science _956159 |
|
| 942 |
_2ddc _cBK |
||
| 999 |
_c18243 _d18243 |
||